Catálogo

Administración por resultados / (Registro nro. 48276)

Detalles MARC
000 -LEADER
fixed length control field 01101cam a2200301 i 4500
001 - CONTROL NUMBER
control field 48276
003 - CONTROL NUMBER IDENTIFIER
control field Mx-PuUPA
005 - DATE AND TIME OF LATEST TRANSACTION
control field 20240913141424.0
008 - FIXED-LENGTH DATA ELEMENTS--GENERAL INFORMATION
fixed length control field 140415s1994 mx ad gr 000 0 spa d
020 ## - INTERNATIONAL STANDARD BOOK NUMBER
International Standard Book Number 9682611385
040 ## - CATALOGING SOURCE
Original cataloging agency Mx-PuUPA
Language of cataloging spa
Transcribing agency Mx-PuUPA
Modifying agency Mx-PuUPA
Description conventions rda
041 1# - LANGUAGE CODE
Language code of text/sound track or separate title spa
Language code of original eng
100 1# - MAIN ENTRY--PERSONAL NAME
Personal name Gannon, Martin J.,
Relator term autor
240 10 - UNIFORM TITLE
Uniform title Management : management for results.
Language of a work Español
245 10 - TITLE STATEMENT
Title Administración por resultados /
Statement of responsibility, etc. Martin J. Gannon ; traducción Alberto García Mendoza
250 ## - EDITION STATEMENT
Edition statement Primera edición
264 #1 - PRODUCTION, PUBLICATION, DISTRIBUTION, MANUFACTURE, AND COPYRIGHT NOTICE
Place of production, publication, distribution, manufacture México, D. F. :
Name of producer, publisher, distributor, manufacturer Compañía Editorial Continental,
Date of production, publication, distribution, manufacture, or copyright notice ©1994
300 ## - PHYSICAL DESCRIPTION
Dimensions xxv, 685 páginas :
Extent ilustraciones, diagramas, tablas ;
Other physical details 25 cm
336 ## - CONTENT TYPE
Fuente rdacontent
Content type term texto
Content type code txt
337 ## - MEDIA TYPE
Source rdamedia
Media type term sin medio
Media type code n
338 ## - CARRIER TYPE
Source rdacarrier
Carrier type term volumen
Carrier type code nc
650 #7 - SUBJECT ADDED ENTRY--TOPICAL TERM
Source of heading or term armarc
Topical term or geographic name entry element Administración
700 1# - ADDED ENTRY--PERSONAL NAME
Personal name García Mendoza, Alberto,
Relator term traductor
9 (RLIN) 10594
765 0# - ORIGINAL LANGUAGE ENTRY
Main entry heading Gannon, Martin J.,
Title Management : management for results.
International Standard Book Number 0205114415
942 ## - ADDED ENTRY ELEMENTS (KOHA)
Source of classification or shelving scheme Dewey Decimal Classification
Koha item type Libro
Classification part 658.4
Item part G195
Existencias
Withdrawn status Lost status Source of classification or shelving scheme Damaged status Not for loan Collection code Home library Current library Shelving location Date acquired Source of acquisition Total Checkouts Total Renewals Full call number Barcode Date last seen Date last checked out Price effective from Koha item type
    Dewey Decimal Classification     General Biblioteca Karol Wojtyla Biblioteca Karol Wojtyla Sala general 03/12/2013 Compra 2 2 658.4 G195 1994 72220 05/01/2026 29/03/2019 03/12/2013 Libro
    Dewey Decimal Classification     General Tehuacán Tehuacán Sala general 03/12/2013 Compra     658.4012 GAN 504903 08/01/2025   03/12/2013 Libro